Quizzes
Events
Quiz Creation
Community
Videos
Private Events
Remove Ads
Sign In
Join for FREE
Feedback
Dark Mode
Quiz Categories
Sports
Geography
Music
Movies
Television
Just For Fun
Miscellaneous
History
Literature
Language
Science
Gaming
Entertainment
Religion
Holiday
For Kids
Quiz Lab
Recent
Popular Today
Quiz Kudos Today
Editor Picks
Curator Picks
Quizzes by...
Day
Popularity
Type
Ratings
Length
Year
Community
Subscriptions
Recent Discussions
Orange Saloon
Badges
Playlists
Quests
Create
Leaderboards
Showdown
Live 5
Trivia Bingo
Activity
Puzzle Library
Sporcle Events
Private Events
Virtual Trivia
Globe League
Become a Host
Pub Owners
SporcleCon
Opinionation
Our Games
Videos
Blog
Mobile Apps
Partnerships
Remove Ads and Go Orange
Feedback
Sports
Athletes
MLB
NBA
NHL
NFL
Soccer
Sports Teams
WWE
NCAA
Football
Premier League
Basketball
Baseball
Hockey
Golf
Tennis
Cricket
Rugby
Auto Racing
Olympics
World Cup
Sports
Athletes
MLB
NBA
NHL
NFL
Soccer
Sports Teams
WWE
NCAA
Football
Premier League
Basketball
Baseball
Hockey
Golf
Tennis
Cricket
Rugby
Auto Racing
Olympics
World Cup
Random Quiz
Search Sporcle
×
Quiz Lab
Quiz Lab
Sports
NFL
Type in answers that appear in a list
Type in answers that appear in a list
Classic
Best Score? Go Orange.
NFL Top 300 Receptions in 2018 Stats
Can you name Every NFL Player With a Catch In 2018?
By
patrickkhurley
18m
300 Questions
595 Plays
595 Plays
595 Plays
Comments
Comments
Give Quiz Kudos
Give Quiz Kudos
-
- Ratings
hide this ad
Replay
Link that replays current quiz
Next Quiz
Link to next quiz in quiz playlist
You Got
0%
They Got
Avg Score
55%
Avg Friend Score
Upgrade to see
Score Distribution
Jump to the score distribution portion of the page
Score
0/300
Timer
18:00
0
Plays Today
Team
Player
% Correct
Saints
Michael Thomas
96.9%
Broncos/
Texans
Demaryius Thomas
96.9%
Panthers
Ian Thomas
96.9%
Falcons
Julio Jones
96.8%
Bills
Zay Jones
96.8%
Lions
Marvin Jones
96.8%
Texans
Jordan Thomas
96.8%
Bills
Logan Thomas
96.8%
Packers
Aaron Jones
96.6%
Lions
TJ Jones
96.6%
Lions
Andy Jones
96.6%
Texans
DeAndre Hopkins
96.3%
Chiefs
Tyreek Hill
96.1%
Saints
Josh Hill
95.9%
Steelers
Antonio Brown
95.6%
Ravens
John Brown
95.6%
Packers
Equanimeous St. Brown
95.4%
Seahawks
Jaron Brown
95.4%
Giants
Odell Beckham Jr.
95.1%
Vikings
Adam Thielen
94.6%
Saints
Tre'Quan Smith
94.6%
Falcons
Ito Smith
94.6%
Panthers
Torrey Smith
94.6%
Packers
Davante Adams
94.4%
Titans
Jonnu Smith
94.4%
Raiders
Lee Smith
94.4%
Chiefs
Travis Kelce
94%
Chargers
Keenan Allen
93.7%
Ravens
Javorius Allen
93.7%
Steelers
JuJu Smith-Schuster
93.4%
Vikings
Stefon Diggs
93.2%
Buccaneers
Mike Evans
93.2%
Eagles
Zach Ertz
93%
Patriots
Julian Edelman
92.9%
Raiders
Jared Cook
92.5%
Vikings
Dalvin Cook
92.5%
Panthers
Christian McCaffrey
92.2%
Raiders/
Cowboys
Amari Cooper
91.7%
Giants
Saquon Barkley
91%
Colts
TY Hilton
90%
Patriots
James White
89.6%
Bengals
AJ Green
89.5%
Chargers
Virgil Green
89.1%
Browns
Jarvis Landry
88.6%
49ers
George Kittle
88.1%
Saints
Alvin Kamara
88.1%
Rams
Robert Woods
87.4%
Cardinals
David Johnson
87.2%
Lions
Kerryon Johnson
87.2%
Browns
Duke Johnson
87.1%
Rams
Brandin Cooks
86.2%
Patriots
Rob Gronkowski
86.2%
Cowboys
Ezekiel Elliott
85.2%
Bears
Allen Robinson
85.2%
Chiefs
Demarcus Robinson
85.2%
Vikings
Aldrick Robinson
85%
Lions/
Eagles
Golden Tate
84.5%
Buccaneers
DeSean Jackson
84.5%
Chargers
Mike Williams
84.4%
Chargers
Tyrell Williams
84.4%
Chargers
Justin Jackson
84.4%
Broncos
Emmanuel Sanders
84.2%
Packers
Jamaal Williams
84.2%
Chiefs
Damien Williams
84.2%
Cardinals
Chad Williams
84.2%
Ravens
Maxx Williams
84.2%
Cardinals
Larry Fitzgerald
83.2%
Chargers
Melvin Gordon
82.7%
Browns/
Patriots
Josh Gordon
82.7%
Rams
Cooper Kupp
81.8%
Buccaneers
OJ Howard
81.6%
Bears
Jordan Howard
81.5%
Eagles
Alshon Jeffery
80.8%
Rams
Todd Gurley
80.4%
Panthers
DJ Moore
80.4%
Seahawks
David Moore
80.3%
Ravens
Chris Moore
80.1%
Bengals
Tyler Boyd
79.8%
Titans
Corey Davis
79.1%
Redskins
Vernon Davis
79.1%
Seahawks
Mike Davis
78.9%
Giants
Sterling Shepard
78.6%
Giants
Russell Shepard
78.6%
Falcons
Calvin Ridley
78.4%
Jets
Robby Anderson
78.2%
Jaguars
Keelan Cole
77.6%
Buccaneers
Chris Godwin
76.9%
Packers
Jimmy Graham
76.4%
Colts
Eric Ebron
76%
Falcons
Austin Hooper
75.9%
Vikings
Kyle Rudolph
75%
Lions
Kenny Golladay
74.3%
Raiders
Jordy Nelson
74.1%
Bears
Tarik Cohen
73.8%
Bears
Anthony Miller
73.8%
Texans
Lamar Miller
73.8%
Giants
Evan Engram
73.1%
Titans
Dion Lewis
73%
Titans
Derrick Henry
73%
Falcons
Mohamed Sanu
72.8%
Team
Player
% Correct
Panthers
Greg Olsen
72.8%
Bengals
Joe Mixon
72.1%
Falcons
Tevin Coleman
72.1%
Cowboys
Cole Beasley
71.6%
Broncos
Royce Freeman
71.3%
Seahawks
Tyler Lockett
69.9%
Steelers
James Conner
69.9%
Chiefs
Sammy Watkins
69.9%
Chiefs
Kareem Hunt
69.2%
Saints
Mark Ingram
68.9%
Colts
Marlon Mack
68%
Eagles
Nelson Agholor
67.2%
Dolphins
DeVante Parker
67.2%
Jaguars
Leonard Fournette
67.2%
Seahawks
Doug Baldwin
67%
Ravens
Michael Crabtree
65.8%
Browns
Nick Chubb
65.6%
Dolphins
Danny Amendola
65.5%
Steelers
Jesse James
65.1%
49ers
Richie James
65.1%
Packers
Randall Cobb
64.5%
Redskins
Jordan Reed
64.1%
Panthers
Curtis Samuel
62.4%
Bills
LeSean McCoy
62.4%
Bengals
Tyler Eifert
62.4%
Dolphins
Kenyan Drake
62.2%
Cardinals
Christian Kirk
62.1%
Buccaneers
Adam Humphries
61.6%
Raiders
Jalen Richard
61.6%
Browns
David Njoku
61.6%
Broncos
Courtland Sutton
61.6%
Broncos
Phillip Lindsay
61.1%
Jaguars
Dede Westbrook
60.9%
Colts
Jack Doyle
60.9%
49ers
Marquise Goodwin
60.4%
Buccaneers
Cameron Brate
59.7%
Redskins
Chris Thompson
59.5%
Dolphins
Albert Wilson
59.5%
Bills/
Cowboys
Deonte Thompson
59.5%
Texans
Will Fuller
59.4%
49ers
Jeff Wilson
59.4%
Dolphins
Kenny Stills
59%
Saints
Benjamin Watson
58%
Redskins
Adrian Peterson
57.7%
Raiders
Doug Martin
57.7%
Steelers
Vance McDonald
57.3%
Ravens
Mark Andrews
57.3%
Chargers
Antonio Gates
57.1%
Ravens
Willie Snead
57%
Bills/
Chiefs
Kelvin Benjamin
57%
Chargers
Travis Benjamin
57%
Dolphins
Frank Gore
57%
Vikings
Latavius Murray
56.8%
Seahawks
Chris Carson
56.6%
Bears
Trey Burton
56%
Bengals
Giovani Bernard
56%
Steelers
James Washington
56%
Panthers
Devin Funchess
55.6%
Chargers
Austin Ekeler
54.1%
Raiders
Martavis Bryant
53.7%
Colts
Nyheim Hines
53.6%
Jaguars
TJ Yeldon
52.9%
Cowboys
Michael Gallup
52.7%
Patriots
Chris Hogan
52.6%
Bears
Taylor Gabriel
51.2%
49ers
Pierre Garcon
50.9%
Raiders
Marshawn Lynch
50.9%
Chiefs
Demetrius Harris
50.7%
Redskins
Maurice Harris
50.5%
Rams
Gerald Everett
50.3%
Redskins
Jamison Crowder
50.2%
49ers
Matt Breida
49.3%
Eagles
Dallas Goedert
49.1%
Rams
Tyler Higbee
49.1%
Cowboys
Allen Hurns
49.1%
Raiders
Seth Roberts
48.5%
Jets
Andre Roberts
48.3%
Titans
Taywan Taylor
48.1%
49ers
Trent Taylor
48.1%
Buccaneers
Peyton Barber
48.1%
Colts
Ryan Grant
47.8%
Dolphins
Jakeem Grant
47.8%
Saints
Ted Ginn
47.8%
Jaguars
Corey Grant
47.8%
Jets
Bilal Powell
47.6%
Lions
Brandon Powell
47.6%
Colts
Chester Rogers
47.3%
Steelers
Eli Rogers
47.1%
Bills
Charles Clay
46.9%
Eagles
Darren Sproles
45.9%
Redskins
Josh Doctson
45.7%
Redskins
Paul Richardson
45.2%
Jaguars
Donte Moncrief
45.1%
Bengals
John Ross
45.1%
Lions
Theo Riddick
44.7%
Packers/
Ravens
Ty Montgomery
44.4%
Patriots
Rex Burkhead
44%
Eagles
Jordan Matthews
43.9%
Packers
Marquez Valdes-Scantling
43.2%
Patriots
Phillip Dorsett
43%
Team
Player
% Correct
Seahawks
Rashaad Penny
42.3%
Browns
Antonio Callaway
42%
Panthers
Jarius Wright
42%
Buccaneers
Jacquizz Rodgers
41.8%
Browns
Rashard Higgins
41.5%
Chiefs
Chris Conley
41.5%
Steelers
Jaylen Samuels
41.5%
Vikings
Laquon Treadwell
41%
Jets
Quincy Enunwa
40.5%
Ravens
Hayden Hurst
40.3%
Bengals
CJ Uzomah
39.6%
Jets
Jermaine Kearse
39.6%
Jets
Isaiah Crowell
39.6%
Rams
Josh Reynolds
38.8%
Jaguars
DJ Chark
38.6%
Broncos
Devontae Booker
37.6%
49ers
Dante Pettis
37.6%
Bills
Chris Ivory
37.2%
Bills
Robert Foster
36.6%
Eagles
Corey Clement
36.6%
Eagles
Wendell Smallwood
36.4%
Lions
LeGarrette Blount
36.2%
Texans
Alfred Blue
35.7%
Vikings
CJ Ham
35.4%
Seahawks
Brandon Marshall
35.2%
Ravens
Alex Collins
35%
Chiefs
Spencer Ware
34.9%
Jets
Chris Herndon
34.7%
Patriots
Cordarrelle Patterson
33.7%
Browns
Breshad Perriman
33.7%
Texans
Keke Coutee
32.7%
Cowboys
Blake Jarwin
32.5%
Packers
Geronimo Allison
31.1%
Dolphins
Mike Gesicki
31%
Broncos
DaeSean Hamilton
30.4%
Jaguars
Austin Seferian-Jenkins
30.3%
Cardinals
Ricky Seals-Jones
30.1%
Colts
Jordan Wilkins
29.8%
Titans
Tajae Sharpe
29.3%
49ers
Kendrick Bourne
28.9%
Broncos
Jeff Heuerman
28.2%
Cardinals
Chase Edmonds
27.9%
Cowboys
Geoff Swaim
27.2%
Texans
Ryan Griffin
26.7%
Eagles/
Texans
DeAndre Carter
26.7%
Giants
Wayne Gallman
25.2%
Lions
Luke Willson
24.1%
Bills/
Broncos
Andre Holmes
24.1%
Ravens
Nick Boyle
23.6%
Seahawks
Ed Dickson
23.6%
Seahawks
Nick Vannett
23.5%
Cardinals
Jermaine Gresham
23.3%
Colts
Zach Pascal
23.1%
Jets/
Bills
Terrelle Pryor
22.6%
Falcons
Marvin Hall
21.4%
Steelers
Ryan Switzer
20.7%
Broncos
Tim Patrick
20.7%
Texans/
Lions
Bruce Ellington
20.6%
Colts
Dontrelle Inman
20.4%
Jets
Elijah McGuire
20.4%
Redskins
Michael Floyd
20.2%
Saints
Austin Carr
20.2%
Raiders
Brandon LaFell
19.7%
Giants
Cody Latimer
19.6%
Browns
Darren Fells
19.4%
Titans
Darius Jennings
19.4%
Bills
Marcus Murphy
19.4%
Giants
Rhett Ellison
18.2%
Cowboys
Dalton Schultz
17.2%
Packers
Lance Kendricks
17%
Saints
Keith Kirkwood
16.7%
Dolphins
Kalen Ballage
16.7%
Lions
Levine Toilolo
15.8%
Saints
Cameron Meredith
15.8%
49ers
Kyle Juszczyk
15%
Bengals
Alex Erickson
14.6%
Giants
Bennie Fowler
14.3%
Falcons
Justin Hardy
14.1%
Broncos
Matt LaCosse
13.1%
Saints
Dan Arnold
12.1%
Jaguars
James O'Shaughnessy
11.9%
Texans
Jordan Akins
11.9%
Bengals
Cody Core
11.9%
Jaguars
Niles Paul
11.7%
Bills
Isaiah McKenzie
9.9%
Patriots
James Develin
9.9%
Redskins/
Packers
Kapri Bibbs
9.7%
Bills
Jason Croom
9.5%
Raiders
Marcell Ateman
8.8%
Jets
Trenton Cannon
8.2%
Bears
Josh Bellamy
7.7%
Falcons
Logan Paulsen
7.5%
Titans
Luke Stocker
7%
Browns
Damion Ratley
7%
Titans
Anthony Firkser
6.8%
Browns
Dontrell Hilliard
6.3%
Titans
MyCole Pruitt
5.8%
Jets
Jordan Leggett
5.6%
Cardinals
Trent Sherfield
5.3%
Jets
Deontay Burnett
4.9%
Quiz Playlist
Details
Report
Send in Message
Add To Playlist
Classic:
Type in answers that appear in a list
Last Updated: Jan 23, 2019
Quiz Scoreboard
CHALLENGE
Sign Up to Join the Scoreboard
Show All
Scores
Hide
Comments
May contain spoilers
Recently Published
Presidents Visiting Landmarks
by Hejman
History
7m
An Introduction to Baseball
by treessimontrees
Sports
5m
Movies - When Are They Set?
by FPL_Elf
Movies
5m
More to Explore
Quiz From the Vault
Featured Blog Post
Where Did the Easter Bunny Come From?
hide this ad
You Might Also Like...
Tags
NFL Quiz
NFL 1st Round Picks
NFL Coach
NFL Draft
NFL Player
Top 100
Top 200
Top 5
Today's Top Quizzes in Sports
Browse Sports
hide this ad
Today's Top Quizzes in NFL
Browse NFL
Top Contributed Quizzes in Sports
1
Les meilleurs buteurs des matchs entre le PSG et l’OM
2
2022 World Cup Stars
3
FIFA Club World Cup Champions
4
Les entraîneurs de l'OM et du PSG au 21e siècle
5
Name the Premier League winners with different clubs
6
La finale Lions - Afrique du Sud 2021
7
5-to-1: UK Sports Teams
8
England Test cricketers to play under Nasser Hussain
9
Players with Multiple 50 Home Run Seasons
10
AFC Teams Reveal (Wrong Answers Minefield)
Explore More
Trending Topics
Crossword
Marvel
Disney
Kpop
Anime
NBA
Harry Potter
Country
WWE
The Office
Puzzle
Soccer
Pokémon
Song
NFL
hide this ad
More By:
patrickkhurley
Quiz
Plays
Rating
Category
Featured
Created
NBA Projected Starting Lineups 2018-19
39,753
4.27
Sports
Jul 4, 2018
Men's Elite 8 Teams of the 2010s
32,170
4.76
Sports
Apr 1, 2018
NFL Offenses 2019 (Skill Positions)
10,440
2.00
Sports
Aug 15, 2019
NFL Top 5 passing yards by team
7,459
4.50
Sports
Mar 24, 2018
MLB Teams Last 10 Different 100 RBI Seasons
6,833
4.58
Sports
Dec 16, 2018
Go to Creator's Profile
Score Distribution
Quiz Creator Spotlight
patrickkhurley
Follow
Send a Message
Quizzes Created
-
Created Quiz Play Count
-
More By This Creator
Popular Quizzes Today
1
Find the US States - No Outlines Minefield
2
Find the Countries of Europe - No Outlines Minefield
3
The Countries of the World
4
Find the US States
5
Popular People in 1961
6
US States
7
Risky Map Clicking: Biggest States A-Z
8
Movies - When Are They Set?
More Sports Quizzes
Most Touchdowns First 4 Years in NFL
Curator's Pick
Trending Quizzes
Risky Map Clicking: Least Populous States A-Z
1-10 Letter G Words
1-10 Letter F Words
Risky Map Clicking: Next State Alphabetically
Risky Map Clicking: Biggest States A-Z
Recently Updated
Leaping Animals
pecheneg
Reality TV Shows (A-Z)
bhenderson79
Rickey Henderson's Hall of Fame Teammates
pecheneg
Champions League XIs: Arsenal
pecheneg
Quick Pick: Celebrities in WWE's Hall of Fame
aduchscher
A-Z Keypad Blitz II
pecheneg
Multiple Oscar Actors
pecheneg
Mystery Phrase Blitz: Oscar 'Best Actors'
pecheneg
F. Scott Fitzgerald Novels
LTH
Pick 3 Villains
ddd62291
Trending Topics
Kpop
Harry Potter
Disney
NBA
Anime
Crossword
Marvel
Pokémon
The Office
Soccer
WWE
NFL
Country
Song
Puzzle
Your Account Isn't Verified!
In order to create a playlist on Sporcle, you need to verify the email address you used during registration. Go to your
Sporcle Settings
to finish the process.
Report this User
Report this user for behavior that violates our
Community Guidelines
.
Details:
Send Report
Go to the Sporcle.com Mobile Site →
Comments